00873nam a2200241Ia 4500999001500000020002200015082002000037100002800057245008500085260003000170300001500200440005500215504003600270650003400306650003800340650002400378650002700402650003000429700002700459700001700486942000700503952012100510 c5797d5797 a978-0-415-29668-7 a363.44095 SAM-F aSamarasinghe, Vidyamali 0aFemale sex trafficking in Asia: the resilience of patriarchy in a changing world aNew YorkbRoutledgec2008 axviii, 234 aRoutledge international studies of women and place aincludes bibliography and index aHuman traffickingzSouth Asia aHuman traffickingzSoutheast Asia aProstitutionzNepal aProstitutionzCombodia aProstitutionzPhillipines aMomsen, Janet Henshall aMonk, Janice cBK 00104070aNASSDOCbNASSDOCd1899-12-31i2006-03-06l0o363.44095 SAM-Fp43985r2019-04-18 00:00:00w2019-04-18yBK